Zprávy Jednoty klasických filologů. Roč. 9, 1967
| Médium: | Kniha |
|---|---|
| Jazyk: | neznámy jazyk |
| Vydavateľské údaje: |
Praha
Československá akadmie vied
1967
|
MARC
| LEADER | 00000nam a2200000 a 4500 | ||
|---|---|---|---|
| 001 | vtls001376602 | ||
| 003 | SK-MaSNL | ||
| 005 | 20260224022901.0 | ||
| 008 | 210928s1967 xx 0 und | ||
| 035 | |a SNK000330536 | ||
| 040 | |a SNK |b slo |c SNK |e AACR2 | ||
| 245 | 1 | |a Zprávy Jednoty klasických filologů. Roč. 9, 1967 | |
| 260 | |a Praha |b Československá akadmie vied |c 1967 | ||
| 958 | |a OND | ||
| 999 | |c 808797 |d 810727 | ||
| 952 | |t P60, <06>, [BOOK], {606} |a SNK |b SNK |y PREZ |7 0 |p 17A0217740 |o snkČD 1556/9/1967 |0 0 |1 1 |4 0 |d 1999-11-10 |l 0 |r 2005-01-02 00:00:00 |w 2026-02-24 | ||


